00401nam a2200157Ia 45000010006000000050017000060080041000230410008000640820017000721000033000892450068001222600009001903000028001996500008002276540008002351095120260306161910.0260306t2010||||xx |||||||||||||| ||spa|| aESP a982.009bP55 aSan Martín, José deeAUT 0aEscritos humanísticos y estratégicos José de San Martín c2010 a287 páginas :c23 cm. aGEN aCHU